[Event "SVK-ch U12"]
[Site "Liptovsky Mikulas"]
[Date "2007.04.22"]
[Round "1"]
[White "Janousek, Michal"]
[Black "Pagerka, Martin"]
[Result "0-1"]
[WhiteElo "1390"]
[BlackElo "2004"]
[PlyCount "86"]
[EventDate "2007.04.22"]
[EventType "swiss"]
[EventRounds "9"]
[EventCountry "SVK"]
[SourceTitle "EXT 2008"]
[Source "ChessBase"]
[SourceDate "2007.11.25"]
[SourceVersion "1"]
[SourceVersionDate "2007.11.25"]
[SourceQuality "1"]

1. e4 c5 2. Bc4 e6 3. Nc3 d6 4. d3 Nf6 5. Bg5 Be7 6. Nf3 Nc6 7. Bb5 Bd7 8. 0-0 a6 9. Bc4 b5 10. Bb3 0-0 11. a3 Rc8 12. Ne2 h6 13. Bh4 Qb6 14. c3 c4 15. Ba2 cxd3 16. Qxd3 Ne5 17. Nxe5 dxe5 18. Bxf6 Bxf6 19. Rad1 Rfd8 20. Qf3 Bc6 21. Ng3 Qb7 22. Nh5 Be7 23. Qg4 Bf8 24. Rfe1 Kh8 25. Ng3 Qe7 26. Qh5 Qf6 27. Qe2 Bc5 28. b4 Ba7 29. c4 bxc4 30. Bxc4 Rxd1 31. Rxd1 Ba4 32. Rd2 Bxf2+ 33. Qxf2 Rxc4 34. Qxf6 gxf6 35. Nh5 f5 36. exf5 exf5 37. Rd5 Rc1+ 38. Kf2 Rc2+ 39. Kg1 e4 40. Rxf5 Bb5 41. Re5 f5 42. Rxf5 Rc1+ 43. Kf2 Rf1+ 0-1